Urban passenger transportation / (Record no. 123795)

MARC details
000 -LEADER
fixed length control field 00774nam a22002417a 4500
005 - DATE AND TIME OF LATEST TRANSACTION
control field 20170124105930.0
010 ## - LIBRARY OF CONGRESS CONTROL NUMBER
LC control number A-899815
020 ## - INTERNATIONAL STANDARD BOOK NUMBER
Terms of availability 00.00
International Standard Book Number 8121003601
035 ## - SYSTEM CONTROL NUMBER
System control number A-899815
037 ## - SOURCE OF ACQUISITION
Source of stock number/acquisition Cen Lib/Ret
040 ## - CATALOGING SOURCE
Original cataloging agency DPL
Language of cataloging EN
082 ## - DEWEY DECIMAL CLASSIFICATION NUMBER
Classification number 388.4
Item number RAO
100 ## - MAIN ENTRY--PERSONAL NAME
Personal name Rao, D. Panduranga
9 (RLIN) 4979
245 ## - TITLE STATEMENT
Title Urban passenger transportation /
Statement of responsibility, etc by D. Panduranga Rao [and] K. Satya Murthy
260 ## - PUBLICATION, DISTRIBUTION, ETC. (IMPRINT)
Place of publication, distribution, etc New Delhi
Name of publisher, distributor, etc Inter-India Publications
Date of publication, distribution, etc 1997
270 ## - ADDRESS
Address D-17, Raja Garden Extn.
City New Delhi
Postal code 110015
300 ## - PHYSICAL DESCRIPTION
Extent 416p.
Dimensions 21cm(Hb)
500 ## - GENERAL NOTE
General note Includes bibliographical references and index
650 ## - SUBJECT ADDED ENTRY--TOPICAL TERM
Topical term or geographic name as entry element Urban transportation
9 (RLIN) 34395
650 ## - SUBJECT ADDED ENTRY--TOPICAL TERM
Topical term or geographic name as entry element Road accidents
9 (RLIN) 34396
700 ## - ADDED ENTRY--PERSONAL NAME
Personal name Murthy, K. Satya
9 (RLIN) 8067
942 ## - ADDED ENTRY ELEMENTS (KOHA)
Source of classification or shelving scheme Dewey Decimal Classification
Koha item type English Books
Classification part 388.4
Call number suffix RAO
Holdings
Withdrawn status Lost status Damaged status Not for loan Home library Current library Date acquired Source of acquisition Cost, normal purchase price Total Checkouts Full call number Barcode Date last seen Copy number Cost, replacement price Price effective from Koha item type Public note
Written off       Central Library Central Library 12/06/2015 Cen Lib/Ret 0.00   388.4 RAO A-899815 12/06/2015 1 0.00 15/09/2016 English Books Written off on approval by DLB (By Circulation); dtd 15-06-2023

© Delhi Public Library
Hit Counter
free hit counter